| 000 | 00601nam a22001937a 4500 | ||
|---|---|---|---|
| 003 | OSt | ||
| 005 | 20160722141700.0 | ||
| 008 | 160722b xxu||||| |||| 00| 0 eng d | ||
| 020 | _a0521453399 | ||
| 040 | _cDNLM. | ||
| 082 | _aWC522V23M 1996. | ||
| 100 |
_aEdited by Isham,Valerie;Medley,Graham; _910355 |
||
| 245 |
_aModels for Infectious Human Diseases. _bTheir Structure en relation to Data. |
||
| 260 |
_aUK. _bCambridge University Press. _c1996. |
||
| 300 |
_axxiii,490p; _bill; _c25cm. |
||
| 504 | _areferences are included. | ||
| 650 |
_aInfectious Human Diseases. _910356 |
||
| 942 |
_2z _cO_SHELF |
||
| 999 |
_c4826 _d4826 |
||